Briefe
Gorde:
| Formatua: | Liburua |
|---|---|
| Hizkuntza: | alemana |
| Argitaratua: |
Düsseldorf
Eugen Diederichs
1955
|
| Saila: | Gesammelte Werke, 35
|
| Gaiak: | |
| Etiketak: |
Etiketa erantsi
Etiketarik gabe, Izan zaitez lehena erregistro honi etiketa jartzen!
|
MARC
| LEADER | 00000nam a2200000 a 4500 | ||
|---|---|---|---|
| 001 | UCZ4540 | ||
| 003 | CL-VaPUC | ||
| 008 | 951110e19550000GW |||||||||||||||||ger|d | ||
| 082 | 0 | 4 | |a 142.7 |b KIE |2 21 |
| 245 | 1 | 0 | |a Briefe |
| 300 | |a 278 p | ||
| 942 | |c BK | ||
| 945 | |d 19951110 00:00:00 |a cmena | ||
| 260 | |a Düsseldorf |b Eugen Diederichs |c 1955 | ||
| 650 | 0 | |a Existencialismo |9 265698 | |
| 650 | 0 | |a Filosofía danesa |9 266957 | |
| 650 | 0 | |a Teología |9 258766 | |
| 650 | 0 | |a Escuelas filosóficas |9 266232 | |
| 650 | 0 | |a Correspondencia |9 258963 | |
| 583 | |a last modification |c 19951110 00:00:00 |k Rodrigo Vera | ||
| 490 | 0 | |a Gesammelte Werke, 35 | |
| 999 | |c 240912 |d 240910 | ||
| 952 | |0 0 |1 0 |4 0 |6 142_700000000000000_KIE_1955 |7 0 |8 P |9 253032 |a BIBEDU |b BIBEDU |d 2019-11-19 |i 1571206 |o 142.7 KIE 1955 |p 1571206 |r 2025-01-22 |w 2019-11-19 |y BK |k FIL | ||